| 000 | 00873nas a2200313 4500 | ||
|---|---|---|---|
| 001 | BR0105162 | ||
| 003 | BR-BrBNA | ||
| 005 | 20231205102512.0 | ||
| 007 | ta | ||
| 008 | 230509b bl.|||p| |||| 00| 00por d | ||
| 040 |
_aBR-BrBNA _bpor _cBiblioteca Nacional de Agricultura |
||
| 041 | _a(Pt) | ||
| 072 | _aF30; H20 | ||
| 100 | 1 | _aBoscariol, R.L. | |
| 100 | 1 | _aTsai, S.M. | |
| 100 | 1 | _aCamargo, L.E.A. | |
| 245 | 1 | _aResistencia monogenica do feijoeiro ao fogo selvagem | |
| 650 | _aFeijao | ||
| 650 | _aFogo Selvagem | ||
| 650 | _aVariedade Resistente | ||
| 650 | _aMarcador Molecular | ||
| 650 | _aEstufa | ||
| 650 | _aInoculacao | ||
| 650 | _aLesao | ||
| 650 | _aClorose | ||
| 773 | 0 |
_tFitopatologia Brasileira (Brazil) _xISSN 0100-4158 _g(Dec 2000), v. 24(4) p. 620-623 _wBR0105162 |
|
| 909 |
_a202311 _bLúcia _c55 _dLúcia Elande |
||
| 942 |
_2AGRIS _n0 _cANA |
||
| 999 |
_c167891 _d167891 |
||